Cheese or Not Cheese? - Statistics

General Stats
  • This quiz has been taken 42 times
  • The average score is 31 of 40
Answer Stats
Hint Explanation Answer % Correct
Feta Τυρι. Cheese
100%
Gorgonzola Cheese. Cheese
100%
Gouda Kaas. Cheese
100%
Camembert Cheese. Cheese
97%
Brie Cheese. Cheese
95%
Bleu Cheese. Cheese
92%
Monterey Jack Cheese. Cheese
90%
Provolone Cheese. Cheese
90%
Gruyere Cheese. Cheese
87%
Durean Stinky fruit Not cheese
87%
Foie gras Duck or goose liver Not cheese
87%
Horchata Rice milk beverage Not cheese
87%
Prosciutto Cold cut Not cheese
87%
Marscapone Cheese. Cheese
85%
Muenster Cheese. Cheese
85%
Kalamata Olive Not cheese
85%
Pinot Grigio Wine Not cheese
85%
Sauvignon Blanc Wine Not cheese
85%
Pepper Jack Cheese. Cheese
82%
Churrasco Brazilian steak Not cheese
82%
Romano Hey guess what? Cheese. Cheese
79%
Prosecco Wine Not cheese
79%
Asiago Cheese. Cheese
74%
Colby Cheese. Cheese
74%
Limburger Cheese. Cheese
74%
Bruschetta Tomato-based appetizer Not cheese
74%
Cabernet Wine Not cheese
74%
Farfale Bowtie pasta Not cheese
74%
Castelvetrano Olive Not cheese
69%
Fontina Cheese. Cheese
67%
Havarti Cheese. Cheese
67%
Lavash Middle Eastern flatbread Not cheese
67%
Skyr Icelandic yogurt Not cheese
64%
Manchego Cheese. Cheese
62%
Casu marzu Maggots, but also, cheese. Cheese
54%
Cotija Cheese. Cheese
54%
Mortadella Cold cut Not cheese
51%
Kasseri Cheese. Cheese
46%
Mimolette Fromage. Cheese
41%
Oaxaca Queso. Cheese
33%
No matching quizzes found
Score Distribution
Percent of People with Each Score
Percentile by Number Answered
Your Score History
You have not taken this quiz